| 000 | 00351nam a22001457a 4500 | ||
|---|---|---|---|
| 003 | OSt | ||
| 005 | 20220216105058.0 | ||
| 008 | 220216b |||||||| |||| 00| 0 eng d | ||
| 020 | _a139780135036884 | ||
| 040 | _cHU | ||
| 082 |
_24th _a629.2504 |
||
| 100 |
_aHa;derman _930670 |
||
| 245 | _aAdvanced Engine Performance Diagnosis | ||
| 942 |
_2ddc _cBOOKS _n0 |
||
| 999 |
_c30565 _d30565 |
||